Tomorrow's professor : (Record no. 18145)

MARC details
000 -LEADER
fixed length control field 01632cam a2200373 i 4500
001 - CONTROL NUMBER
control field 1163926
003 - CONTROL NUMBER IDENTIFIER
control field EG-ScBUE
005 - DATE AND TIME OF LATEST TRANSACTION
control field 20240821142729.0
008 - FIXED-LENGTH DATA ELEMENTS--GENERAL INFORMATION
fixed length control field 961031t1997 nyuak f bf 001 0 eng d
020 ## - INTERNATIONAL STANDARD BOOK NUMBER
International Standard Book Number 0780311361
020 ## - INTERNATIONAL STANDARD BOOK NUMBER
International Standard Book Number 9780780311367
040 ## - CATALOGING SOURCE
Original cataloging agency DLC
Language of cataloging eng
Description conventions rda
Transcribing agency DLC
Modifying agency DLC
-- EG-ScBUE
043 ## - GEOGRAPHIC AREA CODE
Geographic area code n-cn---
-- n-us---
082 04 - DEWEY DECIMAL CLASSIFICATION NUMBER
Classification number 507.11
Edition number 22
Item number REI
100 1# - MAIN ENTRY--PERSONAL NAME
Personal name Reis, Richard M.,
Dates associated with a name 1941-
Relator term author.
9 (RLIN) 35744
245 10 - TITLE STATEMENT
Title Tomorrow's professor :
Remainder of title preparing for academic careers in science and engineering /
Statement of responsibility, etc Richard M. Reis, Stanford University ; sponsor IEEE Education Society.
264 #1 - PUBLICATION, DISTRIBUTION, ETC. (IMPRINT)
Place of publication, distribution, etc New York :
Name of publisher, distributor, etc IEEE ;
-- Wiley Interscience,
Date of publication, distribution, etc [1997]
264 #4 - PUBLICATION, DISTRIBUTION, ETC. (IMPRINT)
Date of publication, distribution, etc c1997
300 ## - PHYSICAL DESCRIPTION
Extent xix, 416 pages :
Other physical details forms, tables ;
Dimensions 23 cm
336 ## - CONTENT TYPE
Source rdacontent
Content type term text
Content type code txt
337 ## - MEDIA TYPE
Media type term unmediated
Source rdamedia
Media type code n
338 ## - CARRIER TYPE
Carrier type term volume
Carrier type code nc
Source rdacarrier
504 ## - BIBLIOGRAPHY, ETC. NOTE
Bibliography, etc Includes bibliographical references and index.<br/>
650 #7 - SUBJECT ADDED ENTRY--TOPICAL TERM
Topical term or geographic name as entry element Science
General subdivision Vocational guidance
Geographic subdivision United States
Form subdivision Handbooks, manuals, etc.
Source of heading or term BUEsh
9 (RLIN) 35745
650 #7 - SUBJECT ADDED ENTRY--TOPICAL TERM
Topical term or geographic name as entry element Science
General subdivision Vocational guidance
Geographic subdivision Canada
Form subdivision Handbooks, manuals, etc.
Source of heading or term BUEsh
9 (RLIN) 35747
650 #7 - SUBJECT ADDED ENTRY--TOPICAL TERM
Topical term or geographic name as entry element Engineers
General subdivision Vocational guidance
Geographic subdivision United States
Form subdivision Handbooks, manuals, etc.
Source of heading or term BUEsh
9 (RLIN) 35748
650 #7 - SUBJECT ADDED ENTRY--TOPICAL TERM
Topical term or geographic name as entry element Engineers
General subdivision Vocational guidance
Geographic subdivision Canada
Form subdivision Handbooks, manuals, etc.
Source of heading or term BUEsh
9 (RLIN) 35749
650 #7 - SUBJECT ADDED ENTRY--TOPICAL TERM
Topical term or geographic name as entry element College teachers
General subdivision Vocational guidance
Form subdivision Handbooks, manuals, etc.
Source of heading or term BUEsh
9 (RLIN) 35750
650 #7 - SUBJECT ADDED ENTRY--TOPICAL TERM
Topical term or geographic name as entry element College teaching
General subdivision Vocational guidance
Form subdivision Handbooks, manuals, etc.
Source of heading or term BUEsh
9 (RLIN) 35751
653 ## - INDEX TERM--UNCONTROLLED
Resource For college Engineering, General
Arrived date list March2014
655 ## - INDEX TERM--GENRE/FORM
Form subdivision Reading book
9 (RLIN) 34232
710 2# - ADDED ENTRY--CORPORATE NAME
Corporate name or jurisdiction name as entry element IEEE Education Group,
Relator term sponser.
9 (RLIN) 35752
942 ## - ADDED ENTRY ELEMENTS (KOHA)
Source of classification or shelving scheme Dewey Decimal Classification
Koha item type Book - Borrowing
Holdings
Withdrawn status Lost status Source of classification or shelving scheme Damaged status Not for loan Collection code Home library Current library Shelving location Date acquired Source of acquisition Cost, normal purchase price Total Checkouts Full call number Barcode Date last seen Cost, replacement price Price effective from Koha item type
    Dewey Decimal Classification     Baccah Central Library Central Library First floor 23/03/2014 Purchase 550.00   507.11 REI 000035788 15/07/2025 687.50 23/03/2014 Book - Borrowing